[Event "Robinson Cup"]
[Site "Paisley"]
[Date "2018.07.16"]
[Round "2.1"]
[White "Gupta, Utkarsh"]
[Black "Kante, Kalyan Sai Nandan"]
[Result "1-0"]
[WhiteElo "1797"]
[BlackElo "1531"]
[PlyCount "87"]
[EventDate "2018.07.16"]
[WhiteTeam "Ireland"]
[BlackTeam "Scotland"]
[WhiteTeamCountry "IRL"]
[BlackTeamCountry "SCO"]

1. e4 e5 2. Nf3 Nc6 3. Bc4 Bc5 4. d3 d6 5. Be3 Bb6 6. Nc3 Nf6 7. h3 h6 8. d4
O-O 9. dxe5 Nxe5 10. Nxe5 dxe5 11. Qe2 Qe7 12. O-O Be6 13. Bb3 Rfd8 14. Rad1
Bd4 15. Bxe6 Qxe6 16. Nb5 Qb6 17. Nxd4 exd4 18. Bc1 Re8 19. f3 d3+ 20. Qf2 dxc2
21. Rd2 Qxf2+ 22. Kxf2 Rad8 23. Rxc2 c6 24. Be3 a6 25. Rfc1 Nd7 26. Rd2 Ne5 27.
Rcd1 Rxd2+ 28. Rxd2 Re7 29. f4 Nc4 30. Rd8+ Kh7 31. e5 Nxb2 32. Bc5 Re6 33. Bd6
g6 34. g4 f5 35. Rd7+ Kg8 36. Rxb7 Nc4 37. Re7 Nd2 38. Kg2 Ne4 39. Ba3 c5 40.
Rc7 Rb6 41. gxf5 gxf5 42. Bxc5 Rb2+ 43. Kf3 Rxa2 44. e6 1-0

[Event "Robinson Cup"]
[Site "Paisley"]
[Date "2018.07.16"]
[Round "2.1"]
[White "Sibbald, Connor"]
[Black "Remenyik, David"]
[Result "0-1"]
[WhiteElo "1382"]
[BlackElo "1769"]
[PlyCount "140"]
[EventDate "2018.07.16"]
[WhiteTeam "Scotland"]
[BlackTeam "Ireland"]
[WhiteTeamCountry "SCO"]
[BlackTeamCountry "IRL"]

1. d4 e6 2. c4 Nf6 3. Nc3 Bb4 4. e3 O-O 5. Qc2 b6 6. Bd3 Bb7 7. f3 c5 8. Nge2
d5 9. O-O Nc6 10. a3 cxd4 11. exd4 dxc4 12. Bxc4 Nxd4 13. Qd3 Nxe2+ 14. Nxe2
Bc5+ 15. Kh1 Qxd3 16. Bxd3 Rfd8 17. Bc2 Ba6 18. Re1 Bf2 19. Rf1 Rac8 20. Bb3
Bxe2 21. Rxf2 Bd1 22. Ba2 Bxf3 23. gxf3 Rd1+ 24. Kg2 Rdxc1 25. Rxc1 Rxc1 26.
Rd2 g6 27. Kg3 Kg7 28. h3 Rg1+ 29. Kf2 Rh1 30. Kg2 Rc1 31. Kg3 Rc5 32. Kf2 Nd5
33. b4 Rc3 34. Bxd5 exd5 35. a4 Rc4 36. Rxd5 Rxb4 37. a5 Kf6 38. Rd7 bxa5 39.
Rxa7 Ra4 40. Ra6+ Kg7 41. Kg3 h6 42. h4 Ra1 43. Kg4 a4 44. Kg3 a3 45. Kh2 g5
46. h5 Kh7 47. Ra7 Kg7 48. Ra6 a2 49. Kg2 Kf8 50. Ra7 Ke8 51. Kh2 Rf1 52. Rxa2
Rxf3 53. Ra6 Kf8 54. Rxh6 Kg7 55. Rb6 Rf6 56. h6+ Rxh6+ 57. Rxh6 Kxh6 58. Kg3
f5 59. Kh3 Kh5 60. Kg3 f4+ 61. Kf3 Kh4 62. Kf2 g4 63. Kg2 f3+ 64. Kh2 g3+ 65.
Kh1 Kh3 66. Kg1 f2+ 67. Kf1 Kh2 68. Ke2 Kg2 69. Ke3 f1=Q 70. Ke4 Kh3 0-1

[Event "Robinson Cup"]
[Site "Paisley"]
[Date "2018.07.16"]
[Round "2.1"]
[White "Murphy, Adam"]
[Black "Connolly Sams, Dietah"]
[Result "1-0"]
[WhiteElo "1695"]
[BlackElo "1466"]
[PlyCount "55"]
[EventDate "2018.07.16"]
[WhiteTeam "Ireland"]
[BlackTeam "Scotland"]
[WhiteTeamCountry "IRL"]
[BlackTeamCountry "SCO"]

1. d4 d5 2. Nf3 Nf6 3. e3 Bg4 4. c4 e6 5. Nc3 Be7 6. h3 Bh5 7. b3 O-O 8. Bb2
Nbd7 9. Be2 c5 10. O-O Nb6 11. cxd5 Nfxd5 12. Nxd5 Nxd5 13. Rc1 Rc8 14. Qd2 Qb6
15. Rfd1 Rfd8 16. Ne5 Bxe2 17. Qxe2 Qa5 18. e4 Nf6 19. Bc3 Qb6 20. Nc4 Qc6 21.
e5 Nd5 22. Bb2 Bg5 23. Nd2 b6 24. Rc4 h6 25. Ne4 Nf4 26. Qf3 Qb7 27. Nf6+ gxf6
28. Qxb7 1-0

[Event "Robinson Cup"]
[Site "Paisley"]
[Date "2018.07.16"]
[Round "2.1"]
[White "Hartman, James"]
[Black "Farrelly, Eoin"]
[Result "0-1"]
[WhiteElo "1335"]
[BlackElo "1609"]
[PlyCount "144"]
[EventDate "2018.07.16"]
[WhiteTeam "Scotland"]
[BlackTeam "Ireland"]
[WhiteTeamCountry "SCO"]
[BlackTeamCountry "IRL"]

1. d4 d5 2. Bf4 Nf6 3. e3 Bf5 4. c4 c6 5. Qb3 Qc8 6. Nc3 e6 7. Nf3 Nbd7 8. Be2
Be7 9. O-O O-O 10. Rac1 Nb6 11. Ne5 dxc4 12. Nxc4 Nbd5 13. Nxd5 Nxd5 14. Bd6
Qd7 15. Bc5 Rfc8 16. f3 b6 17. Bxe7 Nxe7 18. Ne5 Qd6 19. Rfd1 Bg6 20. e4 Rc7
21. Nc4 Qd7 22. Qa3 Rd8 23. Ne5 Qd6 24. Qxd6 Rxd6 25. Bb5 f6 26. Nxg6 hxg6 27.
d5 exd5 28. exd5 Nxd5 29. Rxd5 Rxd5 30. Bc4 Rcd7 31. Bxd5+ cxd5 32. Kf2 Kf7 33.
Ke3 Ke6 34. Rc6+ Rd6 35. Rc7 Rd7 36. Rc6+ Ke5 37. f4+ Kf5 38. Kf3 g5 39. g4+
Kg6 40. fxg5 Kxg5 41. Kg3 d4 42. h4+ Kg6 43. Rc2 d3 44. Rd2 f5 45. gxf5+ Kxf5
46. Kf3 Rd4 47. Ke3 Ke5 48. Kf3 g6 49. Ke3 Re4+ 50. Kf2 Re2+ 51. Rxe2+ dxe2 52.
Kxe2 Kf4 53. h5 gxh5 54. Kf2 Ke4 55. a4 Kd4 56. b4 Kc4 57. a5 Kxb4 58. axb6
axb6 59. Kg3 Kc3 60. Kh4 b5 61. Kxh5 b4 62. Kg4 b3 63. Kf3 b2 64. Ke2 b1=Q 65.
Ke3 Qe1+ 66. Kf4 Kd4 67. Kf5 Qe5+ 68. Kg6 Qf4 69. Kg7 Ke5 70. Kg8 Kf6 71. Kh8
Qh6+ 72. Kg8 Qg7# 0-1

[Event "Robinson Cup"]
[Site "Paisley"]
[Date "2018.07.16"]
[Round "2.1"]
[White "Hunter, Eoin"]
[Black "Maheshwari, Ritvik"]
[Result "0-1"]
[WhiteElo "1488"]
[BlackElo "1281"]
[PlyCount "70"]
[EventDate "2018.07.16"]
[WhiteTeam "Ireland"]
[BlackTeam "Scotland"]
[WhiteTeamCountry "IRL"]
[BlackTeamCountry "SCO"]

1. e4 e6 2. d4 d5 3. exd5 exd5 4. Nf3 Bd6 5. Bd3 Nf6 6. O-O O-O 7. Bg5 Bg4 8.
Nbd2 Nbd7 9. c3 c6 10. Qc2 Qc7 11. Rfe1 Rfe8 12. Rad1 c5 13. dxc5 Bxc5 14. Be3
Bxe3 15. Rxe3 Rxe3 16. fxe3 Ne5 17. Be2 Qc5 18. Kf2 Bxf3 19. Bxf3 Neg4+ 20.
Bxg4 Nxg4+ 21. Kf3 Nxe3 22. Nb3 Qb6 23. Qd3 Nxd1 24. Qxd1 Re8 25. Qd3 Qf6+ 26.
Kg3 h5 27. h3 Qg5+ 28. Kf2 Qh4+ 29. g3 Qxh3 30. Qb5 Qh2+ 31. Kf3 Qh1+ 32. Kf2
Qe1+ 33. Kf3 Re3+ 34. Kf4 Qxg3+ 35. Kf5 Qg4# 0-1

[Event "Robinson Cup"]
[Site "Paisley"]
[Date "2018.07.16"]
[Round "2.2"]
[White "Ratnesan, Ranesh"]
[Black "Elgersma, Onno"]
[Result "1/2-1/2"]
[WhiteElo "2073"]
[BlackElo "2150"]
[PlyCount "104"]
[EventDate "2018.07.16"]
[WhiteTeam "England"]
[BlackTeam "Netherlands"]
[WhiteTeamCountry "ENG"]
[BlackTeamCountry "NED"]

1. Nf3 Nf6 2. d4 e6 3. c4 Bb4+ 4. Bd2 Qe7 5. g3 O-O 6. Bg2 Nc6 7. O-O Bxd2 8.
Nbxd2 d5 9. Qc2 Rd8 10. Rfd1 e5 11. dxe5 Nxe5 12. cxd5 Nxf3+ 13. Nxf3 Nxd5 14.
e4 Nb4 15. Rxd8+ Qxd8 16. Qb3 Nc6 17. Rd1 Qe7 18. Qe3 Bg4 19. h3 Bxf3 20. Qxf3
Rd8 21. Kh2 b6 22. Rxd8+ Qxd8 23. Qc3 Nd4 24. e5 c5 25. Qc4 h5 26. b4 cxb4 27.
Bd5 Ne6 28. Bxe6 fxe6 29. Qxe6+ Kf8 30. Qf5+ Kg8 31. Qe6+ Kf8 32. Qf5+ Kg8 33.
Qxh5 Qd4 34. Qf5 a5 35. Qe6+ Kf8 36. Kg1 a4 37. Qc8+ Ke7 38. Qb7+ Ke6 39. Qc6+
Kxe5 40. Qxa4 Ke4 41. Qb3 Qc3 42. Qd1 Qb2 43. h4 b5 44. Kg2 Qxa2 45. Qe1+ Kd3
46. Qxb4 Qc4 47. Qb1+ Kd2 48. Qb2+ Kd1 49. Qb1+ Kd2 50. Qb2+ Kd3 51. Qb1+ Kd2
52. Qb2+ Kd3 1/2-1/2

[Event "Robinson Cup"]
[Site "Paisley"]
[Date "2018.07.16"]
[Round "2.2"]
[White "Pham, Khoi"]
[Black "Watson, Mikey J"]
[Result "1-0"]
[WhiteElo "2037"]
[BlackElo "1962"]
[PlyCount "51"]
[EventDate "2018.07.16"]
[WhiteTeam "Netherlands"]
[BlackTeam "England"]
[WhiteTeamCountry "NED"]
[BlackTeamCountry "ENG"]

1. e4 c6 2. d4 d5 3. exd5 cxd5 4. Bd3 Nf6 5. h3 Nc6 6. c3 e6 7. Bf4 Bd6 8. Bxd6
Qxd6 9. Nf3 Bd7 10. O-O O-O 11. Nbd2 Rac8 12. Qe2 Ne7 13. Ne5 Ng6 14. f4 Rfe8
15. g4 Bc6 16. g5 Nd7 17. Qh5 Ndxe5 18. fxe5 Qe7 19. Rf4 Rf8 20. Rh4 h6 21. Rg4
hxg5 22. Rxg5 Be8 23. Kh1 f5 24. exf6 gxf6 25. Rxg6+ Bxg6 26. Bxg6 1-0

[Event "Robinson Cup"]
[Site "Paisley"]
[Date "2018.07.16"]
[Round "2.2"]
[White "See, Tristian"]
[Black "Kutchoukov, Daniel"]
[Result "1/2-1/2"]
[WhiteElo "1734"]
[BlackElo "1966"]
[PlyCount "59"]
[EventDate "2018.07.16"]
[WhiteTeam "England"]
[BlackTeam "Netherlands"]
[WhiteTeamCountry "ENG"]
[BlackTeamCountry "NED"]

1. e4 c6 2. d4 d5 3. Nc3 dxe4 4. Nxe4 Bf5 5. Ng3 Bg6 6. h4 h6 7. h5 Bh7 8. Nf3
e6 9. Bd3 Bxd3 10. Qxd3 Nf6 11. Bd2 c5 12. Ne4 Nc6 13. dxc5 Qxd3 14. cxd3 Nxe4
15. dxe4 Bxc5 16. O-O Nd4 17. Nxd4 Bxd4 18. Rac1 O-O 19. Bc3 Rfd8 20. Rfd1 Bxc3
21. Rxd8+ Rxd8 22. Rxc3 Rd1+ 23. Kh2 Rd2 24. Rb3 b6 25. Kg3 Kf8 26. Kf3 Ke7 27.
Ke3 Rd1 28. Ra3 Rd7 29. g3 e5 30. Rb3 1/2-1/2

[Event "Robinson Cup"]
[Site "Paisley"]
[Date "2018.07.16"]
[Round "2.2"]
[White "Maters, Arthur"]
[Black "Ratnesan, Rajeiv"]
[Result "0-1"]
[WhiteElo "1945"]
[BlackElo "1648"]
[PlyCount "69"]
[EventDate "2018.07.16"]
[WhiteTeam "Netherlands"]
[BlackTeam "England"]
[WhiteTeamCountry "NED"]
[BlackTeamCountry "ENG"]

1. e4 c6 2. Nc3 d5 3. Nf3 dxe4 4. Nxe4 Bg4 5. h3 Bxf3 6. Qxf3 e6 7. d3 Be7 8.
Qg3 g6 9. Be2 Nf6 10. O-O Nbd7 11. Be3 Qa5 12. a3 Nxe4 13. dxe4 Qe5 14. Qxe5
Nxe5 15. f4 Nd7 16. Rad1 Bc5 17. Kf2 Bxe3+ 18. Kxe3 Ke7 19. g4 Rad8 20. f5 h6
21. h4 Rhg8 22. Rf2 exf5 23. exf5 Nf6 24. Rdf1 Nd5+ 25. Kd2 Rgf8 26. Bd3 g5 27.
hxg5 hxg5 28. f6+ Kd6 29. Rf5 Rg8 30. Re1 Rde8 31. Rxe8 Rxe8 32. Bc4 Re5 33.
Rf3 Re4 34. Bb3 b5 35. Rg3 {Unable to read scoresheet} 0-1

[Event "Robinson Cup"]
[Site "Paisley"]
[Date "2018.07.16"]
[Round "2.2"]
[White "Leslie, Alex"]
[Black "Bleeker, Kasper"]
[Result "0-1"]
[WhiteElo "1654"]
[BlackElo "1739"]
[PlyCount "56"]
[EventDate "2018.07.16"]
[WhiteTeam "England"]
[BlackTeam "Netherlands"]
[WhiteTeamCountry "ENG"]
[BlackTeamCountry "NED"]

1. d4 d5 2. c4 c6 3. Nc3 Nf6 4. cxd5 cxd5 5. Nf3 e6 6. Bg5 Bb4 7. e3 Nbd7 8.
Bd3 Qa5 9. Qc2 Ne4 10. Bxe4 dxe4 11. Ne5 Nb6 12. Bh4 f6 13. Ng4 h5 14. Nxf6+
gxf6 15. Bxf6 Rg8 16. O-O Bxc3 17. bxc3 Qf5 18. Be5 Bd7 19. c4 h4 20. Rab1
Rxg2+ 21. Kh1 Kf7 22. Rg1 h3 23. Rxg2 Qf3 24. Rbg1 hxg2+ 25. Rxg2 Rg8 26. Bg3
e5 27. c5 Bh3 28. Qb3+ Kf8 0-1

[Event "Robinson Cup"]
[Site "Paisley"]
[Date "2018.07.16"]
[Round "2.2"]
[White "Yeh, Timo"]
[Black "Onslow, Teddy"]
[Result "0-1"]
[WhiteElo "1705"]
[BlackElo "1627"]
[PlyCount "92"]
[EventDate "2018.07.16"]
[WhiteTeam "Netherlands"]
[BlackTeam "England"]
[WhiteTeamCountry "NED"]
[BlackTeamCountry "ENG"]

1. Nf3 d5 2. d4 Nf6 3. c4 e6 4. Bg5 c6 5. e3 Nbd7 6. Nc3 Qa5 7. Qc2 Bb4 8. a3
Ne4 9. Rc1 Bxc3+ 10. bxc3 Qxa3 11. Be2 Nxg5 12. Nxg5 Qe7 13. Nf3 dxc4 14. Bxc4
b5 15. Ba2 Bb7 16. Rb1 a6 17. O-O Nf6 18. Rfe1 c5 19. Ne5 Be4 20. Qd2 Bxb1 21.
Rxb1 O-O 22. c4 cxd4 23. exd4 bxc4 24. Bxc4 Qd6 25. h3 Rfb8 26. Ra1 Nd7 27.
Nxd7 Qxd7 28. Qd3 Rd8 29. Rxa6 Rxa6 30. Bxa6 Qxd4 31. Qxd4 Rxd4 32. Kh2 Kf8 33.
Kg3 Ke7 34. Kf3 Ra4 35. Bd3 Kf6 36. g3 g6 37. Ke3 Ke5 38. g4 f5 39. gxf5 exf5
40. f3 f4+ 41. Kf2 Ra2+ 42. Be2 Kd4 43. Kf1 Rxe2 44. Kxe2 Kc3 45. h4 Kc2 46.
Ke1 Kd3 0-1

[Event "Robinson Cup"]
[Site "Paisley"]
[Date "2018.07.16"]
[Round "2.3"]
[White "Lary, Damien"]
[Black "Sivarajasingam, Venetia"]
[Result "1-0"]
[WhiteElo "2098"]
[BlackElo "1843"]
[PlyCount "77"]
[EventDate "2018.07.16"]
[WhiteTeam "France"]
[BlackTeam "Wales"]
[WhiteTeamCountry "FRA"]
[BlackTeamCountry "WLS"]

1. d4 d5 2. c4 e6 3. Nf3 Be7 4. Nc3 Nf6 5. Bf4 O-O 6. e3 Nbd7 7. c5 Ne4 8. Nxe4
dxe4 9. Nd2 Nf6 10. Qc2 Qd5 11. Bc4 Qc6 12. b4 a6 13. O-O b6 14. a4 bxc5 15.
bxc5 Rb8 16. Ba2 Bb7 17. Bb1 a5 18. Bg5 Ba6 19. Bxf6 gxf6 20. Rc1 f5 21. Nb3
Bd3 22. Qc3 Bxb1 23. Rcxb1 Bf6 24. Qxa5 e5 25. Qc3 exd4 26. exd4 Kh8 27. a5 Rg8
28. a6 e3 29. g3 exf2+ 30. Kxf2 f4 31. a7 fxg3+ 32. hxg3 Ra8 33. Qf3 Qe6 34.
Re1 Bxd4+ 35. Nxd4 Qh6 36. Rh1 Qd2+ 37. Ne2 Rge8 38. Qc3+ Qxc3 39. Nxc3 1-0

[Event "Robinson Cup"]
[Site "Paisley"]
[Date "2018.07.16"]
[Round "2.3"]
[White "Rathbone-Jones, Ifan"]
[Black "Brouard, Gregoire"]
[Result "0-1"]
[WhiteElo "1703"]
[BlackElo "1952"]
[PlyCount "80"]
[EventDate "2018.07.16"]
[WhiteTeam "Wales"]
[BlackTeam "France"]
[WhiteTeamCountry "WLS"]
[BlackTeamCountry "FRA"]

1. d4 Nf6 2. Bf4 g6 3. Nf3 Bg7 4. c4 O-O 5. Nc3 d6 6. h3 Nc6 7. e4 Re8 8. d5
Nb8 9. Bd3 e5 10. Bh2 a5 11. O-O Na6 12. a3 Nc5 13. Bc2 a4 14. Re1 Bd7 15. Nd2
Nh5 16. Re3 Nf4 17. Kh1 h5 18. Ne2 g5 19. Nxf4 exf4 20. Re1 g4 21. Bxf4 Bxb2
22. Rb1 Qf6 23. Bg3 Be5 24. Bxe5 Rxe5 25. Rf1 gxh3 26. f4 hxg2+ 27. Kxg2 Qh4
28. Rf3 Ree8 29. f5 Kh7 30. Rg3 Rg8 31. Nf1 Nxe4 32. Qf3 Nxg3 33. Nxg3 Rxg3+
34. Qxg3 Rg8 35. f6+ Kh8 36. Qxg8+ Kxg8 37. Rxb7 Qg5+ 38. Kf3 Qxf6+ 39. Ke3
Qc3+ 40. Bd3 Bf5 0-1

[Event "Robinson Cup"]
[Site "Paisley"]
[Date "2018.07.16"]
[Round "2.3"]
[White "Randrianarimanana, Alicia"]
[Black "Mcintosh, David"]
[Result "1-0"]
[WhiteElo "1893"]
[BlackElo "1368"]
[PlyCount "115"]
[EventDate "2018.07.16"]
[WhiteTeam "France"]
[BlackTeam "Wales"]
[WhiteTeamCountry "FRA"]
[BlackTeamCountry "WLS"]

1. d4 Nf6 2. Nf3 d5 3. e3 e6 4. Bd3 c5 5. b3 Nbd7 6. O-O Be7 7. Bb2 O-O 8. Nbd2
b6 9. Ne5 Bb7 10. f4 Ne4 11. Rf3 Nxe5 12. dxe5 f5 13. Rh3 g6 14. Qe2 Rf7 15.
Rd1 Qc7 16. Nb1 a6 17. c4 dxc4 18. Bxc4 Qc6 19. a4 Rg7 20. Rh6 Kf7 21. Nc3 Nxc3
22. Bxc3 Kg8 23. Be1 Kh8 24. Rd2 Rgg8 25. Bh4 Bxh4 26. Rxh4 Rgd8 27. Rh3 Rxd2
28. Qxd2 b5 29. axb5 axb5 30. Bf1 c4 31. bxc4 bxc4 32. Qc3 Rc8 33. Rf3 Qa4 34.
Rf2 Qb3 35. Rc2 Qxc3 36. Rxc3 Ba6 37. Rc2 Rc6 38. Kf2 Kg7 39. Ke1 Kf7 40. Kd2
c3+ 41. Ke1 Bxf1 42. Kxf1 h6 43. h4 g5 44. h5 g4 45. Ke2 Ke7 46. Kd3 Kd7 47.
Kd4 Kc7 48. Rxc3 Rxc3 49. Kxc3 Kc6 50. Kc4 Kb6 51. g3 Kc6 52. Kd4 Kb5 53. e4
fxe4 54. Kxe4 Kc6 55. f5 exf5+ 56. Kxf5 Kd7 57. Kf6 Ke8 58. Ke6 1-0

[Event "Robinson Cup"]
[Site "Paisley"]
[Date "2018.07.16"]
[Round "2.3"]
[White "Smith, Madeleine"]
[Black "Kien, Clovis"]
[Result "0-1"]
[WhiteElo "1126"]
[BlackElo "1696"]
[PlyCount "126"]
[EventDate "2018.07.16"]
[WhiteTeam "Wales"]
[BlackTeam "France"]
[WhiteTeamCountry "WLS"]
[BlackTeamCountry "FRA"]

1. e4 e5 2. Nf3 Nc6 3. Bc4 Bc5 4. b4 Bxb4 5. c3 Ba5 6. d4 exd4 7. O-O Nge7 8.
Qb3 O-O 9. cxd4 Bb6 10. Bd2 Na5 11. Qc2 Nxc4 12. Qxc4 d5 13. Qe2 dxe4 14. Qxe4
Nd5 15. Nc3 Be6 16. Rfd1 c6 17. a3 Nxc3 18. Bxc3 Bd5 19. Qg4 Qf6 20. Ne5 Be6
21. Qg3 Rfd8 22. Rd3 Bd5 23. Re1 Rd6 24. Rde3 h6 25. Rd1 Rad8 26. Red3 Qg5 27.
Qxg5 hxg5 28. f3 f6 29. Ng4 Bb3 30. Rc1 Bc4 31. Rd2 Bxd4+ 32. Bxd4 Rxd4 33.
Rdc2 Be6 34. Nf2 Bf5 35. Rb2 R8d7 36. g4 Bd3 37. Kg2 Kf7 38. Re1 c5 39. Rc1 c4
40. Rb4 Ke6 41. Nd1 a6 42. Ne3 b5 43. a4 Kd6 44. axb5 Kc5 45. Ra4 axb5 46. Ra8
Kb4 47. Rb8 c3 48. Kf2 Kb3 49. Nd1 c2 50. Ke3 Bc4 51. Nf2 Kb2 52. Rg1 Rd3+ 53.
Nxd3+ Rxd3+ 54. Ke4 Rd1 55. Rg2 Re1+ 56. Kd4 Re2 57. Rg1 Rf2 58. Ke4 c1=Q 59.
Rxc1 Kxc1 60. Rb7 Kc2 61. Rxg7 b4 62. Rc7 Kc3 63. Ke3 Re2# 0-1